Vista normal Vista MARC

Entrada Topical Term

Número de registros utilizados en: 1

001 - CONTROL NUMBER

  • control field: 43695

003 - CONTROL NUMBER IDENTIFIER

  • control field: OSt

005 - DATE AND TIME OF LATEST TRANSACTION

  • control field: 20240617142221.0

008 - FIXED-LENGTH DATA ELEMENTS

  • fixed length control field: 240617|| aca||aabn | a|a d

040 ## - CATALOGING SOURCE

  • Original cataloging agency: OSt
  • Transcribing agency: OSt

150 ## - HEADING--TOPICAL TERM

  • Topical term or geographic name entry element: Preguntas y respuestas
  • General subdivision: Mujeres adolescentes

670 ## - SOURCE DATA FOUND

  • Source citation: Work cat.: (OSt)30760: Nieto Martínez, Carla, autora 43693, Sexo para descubrir a las chicas / , 2015